Teorías económicas sobre el mercado de trabajo : (Registro nro. 5468)
[ vista simple ]
| 000 -LEADER | |
|---|---|
| fixed length control field | 01393nam a2200313Ia 4500 |
| 003 - CONTROL NUMBER IDENTIFIER | |
| control field | OSt |
| 005 - DATE AND TIME OF LATEST TRANSACTION | |
| control field | 20200723155103.0 |
| 008 - FIXED-LENGTH DATA ELEMENTS--GENERAL INFORMATION | |
| fixed length control field | 191128s2007 ar ad gr 000 0 spa d |
| 020 ## - INTERNATIONAL STANDARD BOOK NUMBER | |
| International Standard Book Number | 9789505577101 |
| 040 ## - CATALOGING SOURCE | |
| Original cataloging agency | CO-JMCR |
| Transcribing agency | CO-JMCR |
| 041 0# - LANGUAGE CODE | |
| Language code of text/sound track or separate title | spa |
| 082 04 - DEWEY DECIMAL CLASSIFICATION NUMBER | |
| Classification number | 331.12 / |
| Item number | N221t |
| Edition number | 23 |
| 100 1# - MAIN ENTRY--PERSONAL NAME | |
| Personal name | Neffa, Julio César, |
| Relator term | director |
| 9 (RLIN) | 7712 |
| 245 10 - TITLE STATEMENT | |
| Title | Teorías económicas sobre el mercado de trabajo : |
| Remainder of title | neoclásicos y nuevos keynesianos / |
| Statement of responsibility, etc. | Julio César Neffa director ; Julieta Albano, Ramiro López Ghio, Pablo E. Pérez [y otros] |
| 250 ## - EDITION STATEMENT | |
| Edition statement | Primera edición |
| 260 ## - PUBLICATION, DISTRIBUTION, ETC. | |
| Place of publication, distribution, etc. | Argentina : |
| Name of publisher, distributor, etc. | Fondo de Cultura Económica, |
| Date of publication, distribution, etc. | 2007. |
| 300 ## - PHYSICAL DESCRIPTION | |
| Extent | 309 páginas : |
| Other physical details | gráficos a blanco y negro ; |
| Dimensions | 23 cm. |
| 490 0# - SERIES STATEMENT | |
| Series statement | Economía |
| 504 ## - BIBLIOGRAPHY, ETC. NOTE | |
| Bibliography, etc. note | Incluye bibliografía al final de cada capítulo. |
| 505 0# - FORMATTED CONTENTS NOTE | |
| Formatted contents note | La teoría neoclásica otodoxa y su interpretación del mercado laboral -- Teoría de la búsqueda de empleo -- La teoría del ciclo real de los negocios y su interpretación sobre el mercado laboral -- La inversión en capital humano: sus efectos |
| 650 14 - SUBJECT ADDED ENTRY--TOPICAL TERM | |
| Topical term or geographic name entry element | Mercado de trabajo |
| 9 (RLIN) | 7713 |
| 650 24 - SUBJECT ADDED ENTRY--TOPICAL TERM | |
| Topical term or geographic name entry element | Teoría económica |
| 9 (RLIN) | 7714 |
| 650 24 - SUBJECT ADDED ENTRY--TOPICAL TERM | |
| Topical term or geographic name entry element | Economía keynesiana |
| 9 (RLIN) | 4935 |
| 650 24 - SUBJECT ADDED ENTRY--TOPICAL TERM | |
| Topical term or geographic name entry element | Economía |
| General subdivision | Marxismo |
| 9 (RLIN) | 7715 |
| 700 1# - ADDED ENTRY--PERSONAL NAME | |
| Personal name | Albano, Julieta, |
| Relator term | autora |
| 9 (RLIN) | 7716 |
| 700 1# - ADDED ENTRY--PERSONAL NAME | |
| Personal name | López Ghio, Ramiro, |
| Relator term | autor |
| 9 (RLIN) | 7717 |
| 700 1# - ADDED ENTRY--PERSONAL NAME | |
| Personal name | Pérez, Pablo, E., |
| Relator term | autor |
| 9 (RLIN) | 7718 |
| 942 ## - ADDED ENTRY ELEMENTS (KOHA) | |
| Source of classification or shelving scheme | Dewey Decimal Classification |
| Koha item type | Books |
| Withdrawn status | Lost status | Source of classification or shelving scheme | Materials specified (bound volume or other part) | Damaged status | Not for loan | Home library | Current library | Shelving location | Date acquired | Source of acquisition | Full call number | Barcode | Date last seen | Copy number | Price effective from | Koha item type |
|---|---|---|---|---|---|---|---|---|---|---|---|---|---|---|---|---|
| Dewey Decimal Classification | Donación--15/04/2018-- | Biblioteca Pública José María del Castillo y Rada | Biblioteca Pública José María del Castillo y Rada | General Stacks | 11/28/2019 | Donación | 331.12 / N221t | 430002007 | 05/16/2024 | T.2 / Ej.1 | 11/28/2019 | Books |